CMOS VLSI Design: A Circuits and Systems Perspective,Addison

Saved in:
Bibliographic Details
Main Author: N. H. Weste and D. Harris
Format: Book
Language:English
Tags: Add Tag
No Tags, Be the first to tag this record!
Call Number :

MARC

LEADER 00000nam a2200000 a 4500
001 94294
003 MY-KLNDU
005 20241220004040.0
008 230513 000 0 eng d
020 |a 9780135174326 
039 9 |y 202305131535  |z dewi 
040 |a UPNM  |b eng  |c UPNM  |e rda 
100 1 |a N. H. Weste and D. Harris 
245 1 |a CMOS VLSI Design: A Circuits and Systems Perspective,Addison  |c N. H. Weste and D. Harris 
336 |a text  |2 rdacontent 
337 |a unmediated  |2 rdamedia 
338 |a volume  |2 rdacarrier 
999 |a vtls000105457  |c 94294  |d 94294